00812nam a2200205 a 4500001001000000003000500010005001700015008004100032010001100073011001100084040000900095100003600104245014000140260006800280300001100348502010900359650004700468650004700515650004400562000111406CHAP20220329144209.0150408s2013 mx |rm |0|||||spa d a107868 a108840 cCHAP1 aRangel Díaz, Francisco Javier10aPropuesta para el desarrollo del turismo alternativo en el Realejo, Mpio. de Guadalcázar, SLP. /cpor Francisco Javier Rangel Díaz. aUniversidad Autónoma de San Luis Potosí :bEl autor,c2013. a127 h. aTesis (M. C. en Ciencias Ambientales) -- UASLP. Facultad de Ciencias Químicas, Ingeniería y Medicina14aDesarrollo económicozSan Luis Potosí.14aDesarrollo sustentablezSan Luis Potosí.14aTurismo ecológicozSan Luis Potosí.